| 000 | 005210000a22001930004500 | ||
|---|---|---|---|
| 001 | 004513 | ||
| 003 | MACL | ||
| 005 | 20150825132008.0 | ||
| 008 | 150825b xxu||||| |||| 00| 0 eng d | ||
| 040 |
_aMACL _cMACL |
||
| 041 | _aEnglish | ||
| 082 | _a700/COO | ||
| 100 |
_aCoomaraswamy, Ananda.K _97309 |
||
| 245 |
_aThe Transformation Of Nature In Art _cAnanda.K Coomaraswamy |
||
| 260 |
_aNew Delhi _c1995 _bIndira Gandhi National Centre For The Arts, |
||
| 350 | _a350 | ||
| 650 |
_aArts _97310 |
||
| 942 |
_k700 _cBK _2ddc |
||
| 999 |
_c16402 _d16402 |
||